000 00599nam a2200181Ia 4500
008 151202s9999||||xx |||||||||||||| ||und||
082 _bPNVM-36761
100 _aपै शिरीष.
245 _aवडिलांच्या सेवेसी.
260 _b"डिंपल पब्लिकेशन ,ठाणे."
260 _c1987
300 _a202
600 _aपै शिरीष.
630 _aवडिलांच्या सेवेसी.
700 _aपै शिरीष.
730 _aवडिलांच्या सेवेसी.
942 _cBOOK
999 _c1302713
_d1302710